Туницкого Николая

Доступно только в Электронных читальных залах Найти на картеНа карте
RUSMARC
00003935nac2a22002891x 450
00139b1723b-ed9c-4b19-8476-4a694ede3f98
00520131106055504.0
100##$a20130605l19131914k y0rusy50 ca
1010#$arus
102##$aRU
105##$ay z |||||
1222#$ad19131215
$ad19140115
2001#$aТуницкого Николая
$j15 декабря 1913 - 15 января 1914
215##$a9 листов
251##$cДело
300##$aЗаголовок дела на папке: Письма Туницкого Николая Кони Анатолию Федоровичу
300##$a3 письма
300##$aРукописный текст
330##$aПереписка А. Ф. Кони; Письма к А. Ф. Кони
461#0$10013a54f2e3-e9cf-409b-80fa-f0a9bd3c40cb
$12001
$aКони Анатолий Федорович, юрист, литератор, член академии наук, председатель Санкт-Петербургского окружного суда, член государственного совета
$1251
$cФонд
$1852
$j564
462#0$100178a475cd-a47d-4377-bff3-cee4b81de655
$12001
$aОпись дел фонда А. Ф. Кони за 1880-1931 гг.
$1251
$cОпись
$1852
$j1
517##$aПисьма Туницкого Николая Кони Анатолию Федоровичу
600#1$aКони
$bА. Ф.
$f1844-1927
$gАнатолий Федорович
600#1$aТуницкий
$bН.
$gНиколай
801#0$aRU
$bGA_RF
801#1$aRU
$bНПО Опыт
$c20130605
$2rusmarc
801#2$aRU
$bПБ им. Б.Н. Ельцина
$c20131106
$gRCR
$2rusmarc
852##$aГА РФ
$j3487
937##$d40867091
$hПБ
035##$aRuPRLIB51006113
Формат отображения